000
00190nam a2200085 4500
001
1258557
005
20260312192239.0
245
_a
BALONLA BEŞ HAFTA
_c
JULES VERNE
260
_b
KARATAY YAYINLARI
999
_c
1258557
_d
1258557